Giáo trình hệ điều hành Unix - Linux

Sách gồm 8 chương và 3 phụ lục, chương 1 giới thiệu một số nội dung khái quất vê Linux, 4 chương tiếp theo trình bày những kiến thức và kỹ năng cơ bản nhất để làm việc trong môi trường Linux, 2 chương tiếp theo cung cấp các nội dung liên...

Ful tanımlama

Kaydedildi:
Detaylı Bibliyografya
Yazar: Hà, Quang Huy
Diğer Yazarlar: Nguyễn, Trí Thành
Materyal Türü: Kitap
Dil:Undetermined
Baskı/Yayın Bilgisi: H. Giáo dục Việt Nam 2009
Konular:
Online Erişim:http://lrc.tdmu.edu.vn/opac/search/detail.asp?aID=2&ID=6482
Etiketler: Etiketle
Etiket eklenmemiş, İlk siz ekleyin!
Thư viện lưu trữ: Trung tâm Học liệu Trường Đại học Thủ Dầu Một
LEADER 01431nam a2200217Ia 4500
001 TDMU_6482
008 210410s9999 xx 000 0 und d
082 |a 005.4 
090 |b H100 
100 |a Hà, Quang Huy 
245 0 |a Giáo trình hệ điều hành Unix - Linux 
245 0 |c Hà Quang Thuỵ, Nguyễn Trí Thành 
260 |a H. 
260 |b Giáo dục Việt Nam 
260 |c 2009 
300 |a 295tr. 
520 |a Sách gồm 8 chương và 3 phụ lục, chương 1 giới thiệu một số nội dung khái quất vê Linux, 4 chương tiếp theo trình bày những kiến thức và kỹ năng cơ bản nhất để làm việc trong môi trường Linux, 2 chương tiếp theo cung cấp các nội dung liên quan tới mạng và quản lý vào-ra trong Linux, chương cuối giới thiệu một số nội dung lập trình trong môi trường Linux. 4 phụ lục giới thiệu chi tiết cách sử dụng 3 tiện ích thông dụng trong Linux và chú thích thuật ngữ.; TI 
650 |a Hệ điều hành Linux  |v Giáo trình; Công nghệ thông tin  |v Giáo trình 
700 |a Nguyễn, Trí Thành 
856 |u http://lrc.tdmu.edu.vn/opac/search/detail.asp?aID=2&ID=6482 
980 |a Trung tâm Học liệu Trường Đại học Thủ Dầu Một